Šírenie elektrickej aktivity v SLAB modeli srdcovej steny

Salvato in:
Dettagli Bibliografici
Autore principale: Adamkovič, Marek (Autore)
Altri autori: Cocherová, Elena (Relatore della tesi)
Natura: Manoscritto Libro
Lingua:slovacco
Pubblicazione: 2016
Soggetti:
Accesso online:http://is.stuba.sk/zp/portal_zp.pl?podrobnosti=106923
Tags: Aggiungi Tag
Nessun Tag, puoi essere il primo ad aggiungerne!!

MARC

LEADER 00000ntm a22000003a 4500
001 stuzp54717
003 SK-STU
005 20160719154623.3
007 ta
008 150427s2015----xo-----f-mn---000-0-slo-d
040 |a STU  |b slo 
041 0 |a slo 
044 |a xo 
100 1 |a Adamkovič, Marek  |u 033000  |4 aut  |U FEI Fakulta elektrotechniky a informatiky  |T FEI Ústav elektroniky a fotoniky  |X 72617  |U E030  |Y 549  |7 72617 
242 0 1 |a Propagation of electrical activity in SLAB model of heart wall  |y eng 
245 1 0 |a Šírenie elektrickej aktivity v SLAB modeli srdcovej steny 
260 |c 2016 
300 |a 52 s.,  |b CD-ROM 
650 4 |a COMSOL Multiphysics  |2 slo 
650 4 |a prahový stimulačný prúd  |2 slo 
650 4 |a Fitzhugh-Nagumov model  |2 slo 
650 4 |a model srdcovej steny  |2 slo 
650 4 |a akčný potenciál  |2 slo 
650 4 |a action potential  |2 eng 
650 4 |a threshold stimulus current  |2 eng 
650 4 |a Fitzhugh-Nagumo model  |2 eng 
650 4 |a model of heart wall  |2 eng 
650 4 |a COMSOL Multiphysics  |2 eng 
700 1 |a Cocherová, Elena  |u 033000  |k Z1  |4 ths  |U FEI Fakulta elektrotechniky a informatiky  |T FEI Ústav elektroniky a fotoniky  |X 1900  |U E030  |Y 549  |7 A000001900 
856 4 |u http://is.stuba.sk/zp/portal_zp.pl?podrobnosti=106923 
996 |b 284ER01971  |c E*Bc- 1971  |l EE33  |s P  |a 0  |w stuzp54717_0001 
SQL |a stuzp54717  |b DBP  |c SLO  |d Šírenie elektrickej aktivity v SLAB modeli srdcovej steny  |e 72617  |f Adamkovič, Marek  |g 033000  |h 1900  |i Cocherová, Elena  |j 20160707  |k 75  |l 03  |m http://is.stuba.sk/zp/portal_zp.pl?podrobnosti=106923  |n B-ELN  |o 5.2.13. elektronika